Mots commençant par "éco" - Statistiques

Statistiques générales
  • Ce quiz a été pris 759 fois
  • Le résultat moyen est 10 sur 14
Statistiques - réponses
Synonymes Mots mystères % Correct
Établissement scolaire École
98%
Finance Économie
98%
Entendre Écouter
94%
Croûte d'arbre Écorce
93%
Nord du Royaume Uni Écosse
93%
Raccourcir Écourter
88%
Bionomie Écologie
80%
Dégoûter Écœurer
75%
Égratigner Écorcher
71%
Vider un bateau Écoper
63%
Épargner Économiser
61%
Dissiper Écouler
38%
Renvoyer Éconduire
16%
Goupillon Écouvillon
15%
Aucun quiz correspondant
Distribution des résultats
% des personnes avec chaque résultat
Percentile par nombre de réponses
Votre historique - résultats
Vous n’avez pas pris ce quiz